000 00483nam a2200181Ia 4500
008 090124s9999 xx 000 0 und d
082 _b125735
100 _aराजे नयना
245 _a आत्मसन्मान
250 _a1
260 _c1993
300 _a133
600 _aराजे नयना
630 _a आत्मसन्मान
700 _aराजे नयना
730 _a आत्मसन्मान
942 _cBOOK
999 _c171825
_d171825